[Event "Liepajas Rokade"]
[Site "Liepaja"]
[Date "2015.08.09"]
[Round "6"]
[White "Azmaiparashvili, Zurab"]
[Black "Fridman, Daniel"]
[Result "0-1"]
[WhiteElo "2637"]
[BlackElo "2639"]
[PlyCount "54"]
[EventDate "2015.08.08"]
[EventType "tourn (rapid)"]
[EventRounds "7"]
[EventCountry "LAT"]
[EventCategory "15"]
[SourceTitle "CBM 167 Extra"]
[Source "ChessBase"]
[SourceDate "2015.09.14"]
[SourceVersion "1"]
[SourceVersionDate "2015.09.14"]
[SourceQuality "1"]

1. d4 d5 2. c4 e6 3. Nf3 Nf6 4. Nc3 Be7 5. Bg5 h6 6. Bh4 0-0 7. Qc2 b6 8. Bxf6 Bxf6 9. e4 Nc6 10. Rd1 dxe4 11. Qxe4 Bb7 12. Bd3 g6 13. 0-0 Bxd4 14. Bb1 e5 15. Nxe5 Nxe5 16. Qxb7 Nxc4 17. Ne2 Nd6 18. Qd5 Bxb2 19. Bxg6 Qg5 20. Qb3 Qb5 21. Qc2 fxg6 22. Rb1 Qc4 23. Qxb2 Rae8 24. Ng3 Re7 25. Rbc1 Qf7 26. Rc6 Nc4 27. f4 Nxb2 0-1

[Event "WMSG Rapid 1st"]
[Site "Beijing"]
[Date "2008.10.07"]
[Round "9"]
[White "Balogh, Csaba"]
[Black "Azmaiparashvili, Zurab"]
[Result "0-1"]
[WhiteElo "2616"]
[BlackElo "2626"]
[PlyCount "60"]
[EventDate "2008.10.05"]
[EventType "swiss (rapid)"]
[EventRounds "9"]
[EventCountry "CHN"]
[SourceTitle "CBM 126 Extra"]
[Source "ChessBase"]
[SourceDate "2008.11.05"]
[SourceVersion "1"]
[SourceVersionDate "2008.11.05"]
[SourceQuality "1"]

1. e4 d6 2. d4 Nf6 3. Nc3 e5 4. Nf3 Nbd7 5. Bc4 Be7 6. 0-0 0-0 7. Re1 c6 8. a4 b6 9. d5 Bb7 10. dxc6 Bxc6 11. Bg5 Rc8 12. Bb3 Bb7 13. Re2 Rxc3 14. Bxf6 Nxf6 15. bxc3 Nxe4 16. Re3 Qa8 17. Qe1 Kh8 18. Rd1 f5 19. Nd2 Nxd2 20. Rxd2 f4 21. Red3 Bxg2 22. Bd5 Bxd5 23. Rxd5 f3 24. Kh1 Qc6 25. Qa1 Qc4 26. R2d3 Rf6 27. a5 b5 28. Qd1 a6 29. Qg1 Rg6 30. Qf1 Rg2 0-1

[Event "WMSG Rapid 1st"]
[Site "Beijing"]
[Date "2008.10.06"]
[Round "7"]
[White "Nolte, Rolando"]
[Black "Azmaiparashvili, Zurab"]
[Result "1/2-1/2"]
[WhiteElo "2489"]
[BlackElo "2626"]
[PlyCount "175"]
[EventDate "2008.10.05"]
[EventType "swiss (rapid)"]
[EventRounds "9"]
[EventCountry "CHN"]
[SourceTitle "CBM 126 Extra"]
[Source "ChessBase"]
[SourceDate "2008.11.05"]
[SourceVersion "1"]
[SourceVersionDate "2008.11.05"]
[SourceQuality "1"]

1. e4 d6 2. d4 g6 3. Nc3 Bg7 4. f4 Nf6 5. Nf3 0-0 6. Be3 Nc6 7. e5 dxe5 8. dxe5 Ng4 9. Bg1 Nh6 10. Bb5 Bd7 11. Qe2 a6 12. Ba4 Qe8 13. Bb3 Na5 14. 0-0-0 Nxb3+ 15. axb3 Bb5 16. Qe3 Nf5 17. Qf2 Bc6 18. h3 f6 19. Bh2 fxe5 20. Nxe5 Bxe5 21. fxe5 Qf7 22. Rhf1 Qe6 23. g4 Ng7 24. Qh4 Rxf1 25. Rxf1 Rd8 26. Qf2 Bb5 27. Re1 Rf8 28. Qd2 Bc6 29. Bf4 Qf7 30. Bh6 Qf3 31. Qg5 Rf7 32. e6 Rf6 33. Qe5 g5 34. Qxg5 Rg6 35. Qh4 Qf6 36. g5 Qf5 37. Qd4 Ne8 38. Qc4 Nd6 39. Qd4 Ne8 40. Qe3 Ng7 41. Bxg7 Rxg7 42. h4 h6 43. gxh6 Rg2 44. Ne2 Qf3 45. Qxf3 Bxf3 46. Nd4 Bg4 47. Re5 Kh7 48. Rg5 Bh3 49. Rd5 Kxh6 50. Rd7 c5 51. Nf3 Bxe6 52. Rxe7 Bf5 53. Ne1 Rg1 54. Kd2 b5 55. Re5 Bg6 56. Rxc5 Rh1 57. Nf3 Rh3 58. Ne5 Rh2+ 59. Ke3 Rxc2 60. Rxc2 Bxc2 61. b4 Kh5 62. Kd4 Kxh4 63. Nd7 Bf5 64. Nb8 Bc8 65. Kc5 Kg4 66. Kb6 Kf4 67. Kc7 Bf5 68. Nxa6 Ke3 69. Kb6 Bd7 70. Kc5 Kd3 71. Nc7 Kc2 72. Nxb5 Kxb2 73. Nd4 Ka3 74. Nf3 Be8 75. Ne5 Ka4 76. Nc4 Kb3 77. Nd6 Bd7 78. Nb7 Be8 79. Na5+ Ka4 80. Nc4 Kb3 81. Ne5 Ka4 82. Nf3 Kb3 83. Nd4+ Ka4 84. Ne6 Ka3 85. Nc7 Bd7 86. Nd5 Be8 87. Nc3 Bd7 88. Kd4 1/2-1/2

[Event "Vung Tau Dragon Capital op"]
[Site "Vung Tau"]
[Date "2008.09.01"]
[Round "9"]
[White "Tu, Hoang Thong"]
[Black "Azmaiparashvili, Zurab"]
[Result "1/2-1/2"]
[WhiteElo "2493"]
[BlackElo "2615"]
[PlyCount "37"]
[EventDate "2008.08.27"]
[EventType "swiss"]
[EventRounds "9"]
[EventCountry "VIE"]
[SourceTitle "CBM 126 Extra"]
[Source "ChessBase"]
[SourceDate "2008.11.05"]
[SourceVersion "1"]
[SourceVersionDate "2008.11.05"]
[SourceQuality "1"]

1. e4 d6 2. Nc3 g6 3. Bc4 Nf6 4. d3 c6 5. f4 d5 6. Bb3 dxe4 7. dxe4 Qxd1+ 8. Kxd1 Na6 9. e5 Nd7 10. Be3 Ndc5 11. Nf3 Bg4 12. Ke2 f6 13. exf6 exf6 14. h3 Bd7 15. Rad1 0-0-0 16. Bf7 Be7 17. a3 Be6 18. Bxe6+ Nxe6 19. g3 1/2-1/2

[Event "Vung Tau Dragon Capital op"]
[Site "Vung Tau"]
[Date "2008.08.31"]
[Round "7"]
[White "Azmaiparashvili, Zurab"]
[Black "Dzhumaev, Marat"]
[Result "1-0"]
[WhiteElo "2615"]
[BlackElo "2549"]
[PlyCount "70"]
[EventDate "2008.08.27"]
[EventType "swiss"]
[EventRounds "9"]
[EventCountry "VIE"]
[SourceTitle "CBM 126 Extra"]
[Source "ChessBase"]
[SourceDate "2008.11.05"]
[SourceVersion "1"]
[SourceVersionDate "2008.11.05"]
[SourceQuality "1"]

1. c4 f5 2. Nc3 Nf6 3. g3 g6 4. Bg2 Bg7 5. e3 0-0 6. Nge2 c6 7. 0-0 Na6 8. Qa4 e5 9. b4 d5 10. d4 dxc4 11. b5 cxb5 12. Nxb5 Ne4 13. Qxc4+ Rf7 14. Rd1 Bd7 15. Bb2 Qa5 16. Nbc3 Qb6 17. Qb3 Nxc3 18. Nxc3 exd4 19. exd4 Bc6 20. d5 Be8 21. d6 Bc6 22. Bxc6 bxc6 23. Na4 Qxb3 24. axb3 Rd7 25. Bxg7 Kxg7 26. Rac1 Rc8 27. b4 Rb7 28. d7 Rd8 29. Rxc6 Nxb4 30. Rc4 a5 31. Nc5 Rb6 32. Re1 Kf7 33. g4 Rc6 34. gxf5 gxf5 35. Kf1 h5 1-0

[Event "Vung Tau Dragon Capital op"]
[Site "Vung Tau"]
[Date "2008.08.29"]
[Round "4"]
[White "Azmaiparashvili, Zurab"]
[Black "Dao, Thien Hai"]
[Result "1/2-1/2"]
[WhiteElo "2615"]
[BlackElo "2489"]
[PlyCount "180"]
[EventDate "2008.08.27"]
[EventType "swiss"]
[EventRounds "9"]
[EventCountry "VIE"]
[SourceTitle "CBM 126 Extra"]
[Source "ChessBase"]
[SourceDate "2008.11.05"]
[SourceVersion "1"]
[SourceVersionDate "2008.11.05"]
[SourceQuality "1"]

1. Nf3 d5 2. c4 c6 3. d4 Nf6 4. e3 Bg4 5. h3 Bxf3 6. Qxf3 e6 7. Bd3 Nbd7 8. 0-0 Bd6 9. Nc3 0-0 10. e4 dxc4 11. Bxc4 e5 12. Be3 Qe7 13. Bb3 exd4 14. Bxd4 Bc5 15. Rad1 Bxd4 16. Rxd4 Nc5 17. Bc2 Rad8 18. Rdd1 a5 19. Qe3 Rfe8 20. f4 g6 21. e5 Nfd7 22. Qf2 f6 23. exf6 Nxf6 24. Rxd8 Rxd8 25. f5 g5 26. Re1 Qf8 27. Qg3 h6 28. Qc7 Rd2 29. Re2 Qd8 30. Qxd8+ Rxd8 31. a3 Rd4 32. Kf2 Kf7 33. Ke3 Rd7 34. Rd2 Rxd2 35. Kxd2 Ke7 36. Ke3 Kd6 37. Kd4 Ncd7 38. Nd1 Ne5 39. Ne3 c5+ 40. Kc3 b5 41. a4 b4+ 42. Kd2 c4 43. Nf1 Ned7 44. Ke3 Ke5 45. Nh2 Nc5 46. Nf3+ Kd5 47. Nd2 b3 48. Bd1 Nxa4 49. Nxb3 Nxb2 50. Bf3+ Kd6 51. Nxa5 Kc5 52. Kd2 Na4 53. Nb7+ Kd4 54. Nd6 h5 55. Be2 Nb6 56. Nf7 g4 57. hxg4 hxg4 58. g3 Nbd5 59. Nh6 Ne3 60. Bxc4 Nxc4+ 61. Kc2 Ne3+ 62. Kb3 Ke4 63. Kc3 Nxf5 64. Nxg4 Nxg4 65. Kc4 Nd6+ 66. Kc5 Ke5 67. Kc6 Ne4 68. Kb5 Kd5 69. Kb4 Nd6 70. Kc3 Ke4 71. Kd2 Nb5 72. Ke2 Nc3+ 73. Kd2 Kd4 74. Kc2 Kc4 75. Kd2 Nb5 76. Ke2 Nd4+ 77. Kd2 Nf3+ 78. Ke2 Nfe5 79. Kf1 Kd3 80. Kg2 Ke4 81. Kh3 Kf5 82. Kg2 Nd3 83. Kf1 Ke4 84. Ke2 Nc5 85. Kd2 Na4 86. Kc2 Kd4 87. Kb3 Nc5+ 88. Kc2 Ne4 89. Kb3 Kc5 90. Ka4 Nd2 1/2-1/2

[Event "GRE-chT 36th"]
[Site "Kallithea"]
[Date "2008.07.08"]
[Round "4.9"]
[White "Azmaiparashvili, Zurab"]
[Black "Postny, Evgeny"]
[Result "1/2-1/2"]
[WhiteElo "2615"]
[BlackElo "2661"]
[PlyCount "40"]
[EventDate "2008.07.06"]
[EventType "team-tourn"]
[EventRounds "7"]
[EventCountry "GRE"]
[SourceTitle "CBM 125 Extra"]
[Source "ChessBase"]
[SourceDate "2008.09.01"]
[SourceVersion "1"]
[SourceVersionDate "2008.09.01"]
[SourceQuality "1"]

1. c4 c6 2. d4 d5 3. Nf3 Nf6 4. e3 Bf5 5. Nc3 a6 6. Nh4 Bg4 7. Qc2 b5 8. h3 Be6 9. c5 g6 10. Bd3 Bg7 11. g4 0-0 12. Ne2 a5 13. Ng3 Bc8 14. f4 e5 15. Ng2 exd4 16. exd4 Na6 17. a3 Re8+ 18. Ne2 Ne4 19. Be3 f5 20. g5 Nc7 1/2-1/2

[Event "GRE-chT 36th"]
[Site "Kallithea"]
[Date "2008.07.07"]
[Round "2.6"]
[White "Azmaiparashvili, Zurab"]
[Black "Zubarev, Alexander2"]
[Result "1-0"]
[WhiteElo "2615"]
[BlackElo "2517"]
[PlyCount "145"]
[EventDate "2008.07.06"]
[EventType "team-tourn"]
[EventRounds "7"]
[EventCountry "GRE"]
[SourceTitle "CBM 125 Extra"]
[Source "ChessBase"]
[SourceDate "2008.09.01"]
[SourceVersion "1"]
[SourceVersionDate "2008.09.01"]
[SourceQuality "1"]

1. d4 Nf6 2. c4 e6 3. Nc3 Bb4 4. f3 d5 5. a3 Bxc3+ 6. bxc3 c5 7. cxd5 Nxd5 8. dxc5 Qa5 9. e4 Ne7 10. Be3 0-0 11. Qb3 Nd7 12. Bb5 Qc7 13. Bxd7 Bxd7 14. Rb1 Rfb8 15. Ne2 Nc6 16. c4 e5 17. Nc3 Nd4 18. Bxd4 exd4 19. Nd5 Qxc5 20. Qb4 b6 21. Kd2 Rc8 22. Kd3 Kf8 23. Rhd1 Ke8 24. Rbc1 Rab8 25. Ke2 b5 26. Qxc5 Rxc5 27. cxb5 Bxb5+ 28. Kd2 Bc4 29. Rc2 Rbc8 30. Rdc1 Kd7 31. Nf4 f6 32. e5 R5c6 33. exf6 gxf6 34. Nh5 Ke6 35. Re1+ Kf7 36. Nf4 Ba6 37. Rxc6 Rxc6 38. Nd5 Bc4 39. Nb4 Rc8 40. Nc2 Rg8 41. g3 Bd5 42. Nxd4 Rd8 43. Kc3 Rc8+ 44. Kd3 Rc5 45. Re3 Ra5 46. Kc2 Ra4 47. Ne2 Rc4+ 48. Nc3 Be6 49. Re1 Bf5+ 50. Kd2 Rc7 51. Ne4 Rd7+ 52. Kc3 Rc7+ 53. Kd4 Rd7+ 54. Kc4 Be6+ 55. Kc3 Rc7+ 56. Kd2 Rd7+ 57. Ke3 Bf5 58. Rc1 Bxe4 59. Kxe4 Re7+ 60. Kd4 Kg6 61. Rc4 Re5 62. a4 h5 63. h4 Rf5 64. Ke4 Re5+ 65. Kd4 Re1 66. Kd5 Re3 67. Rf4 Rd3+ 68. Kc4 Ra3 69. Kb5 Re3 70. Ka6 Re7 71. a5 Rd7 72. g4 Rd5 73. Rf5 1-0

[Event "Singapore Masters 4th"]
[Site "Singapore"]
[Date "2007.12.18"]
[Round "4"]
[White "Azmaiparashvili, Zurab"]
[Black "Dimakiling, Oliver"]
[Result "1-0"]
[WhiteElo "2606"]
[BlackElo "2491"]
[PlyCount "105"]
[EventDate "2007.12.17"]
[EventType "swiss"]
[EventRounds "9"]
[EventCountry "SIN"]
[SourceTitle "CBM 121 Extra"]
[Source "ChessBase"]
[SourceDate "2008.01.10"]
[SourceVersion "1"]
[SourceVersionDate "2008.01.10"]
[SourceQuality "1"]

1. d4 Nf6 2. c4 e6 3. Nf3 d5 4. Nc3 dxc4 5. e4 Bb4 6. Bg5 c5 7. Bxc4 cxd4 8. Nxd4 Bxc3+ 9. bxc3 Qa5 10. Bb5+ Bd7 11. Bxf6 gxf6 12. Qb3 a6 13. Be2 Nc6 14. 0-0 Rb8 15. Rad1 Rg8 16. Nf5 Qc7 17. Nd6+ Kf8 18. f4 Rg7 19. Rf3 Kg8 20. Rfd3 Na5 21. Qb4 Bc6 22. Qd4 Rf8 23. Qxf6 Rg6 24. Qe5 Ba4 25. R1d2 Qb6+ 26. Qd4 Qb1+ 27. Bf1 Bc2 28. Rf3 Nc6 29. Qf2 Bxe4 30. Nxe4 Qxe4 31. Bd3 Qa4 32. Bxg6 hxg6 33. Qh4 Qa3 34. Rd1 Qa4 35. Rdf1 Rd8 36. Qf6 Rd1 37. h4 Rxf1+ 38. Rxf1 Qxa2 39. Rd1 Qa3 40. Rd7 Qf8 41. Rxb7 a5 42. Rc7 Qe8 43. h5 gxh5 44. Qg5+ Kf8 45. Qxh5 Ne7 46. Qh8+ Ng8 47. Rc5 f6 48. Qh7 a4 49. Rc7 Ne7 50. Ra7 a3 51. Qh8+ Kf7 52. Qxe8+ Kxe8 53. Rxa3 1-0

[Event "Liepajas Rokade"]
[Site "Liepaja"]
[Date "2007.08.02"]
[Round "1"]
[White "Reimanis, Ritvars"]
[Black "Azmaiparashvili, Zurab"]
[Result "0-1"]
[WhiteElo "2147"]
[BlackElo "2606"]
[PlyCount "116"]
[EventDate "2007.08.02"]
[EventType "tourn (rapid)"]
[EventRounds "13"]
[EventCountry "LAT"]
[SourceTitle "EXT 2008"]
[Source "ChessBase"]
[SourceDate "2007.11.25"]
[SourceVersion "1"]
[SourceVersionDate "2007.11.25"]
[SourceQuality "1"]

1. d4 d6 2. c4 e5 3. dxe5 dxe5 4. Qxd8+ Kxd8 5. Nc3 Be6 6. b3 f6 7. Bb2 c6 8. e3 Nh6 9. Bd3 a5 10. a3 Nd7 11. Bc2 Nb6 12. a4 Bb4 13. Nge2 Ke7 14. 0-0 Rad8 15. Rfd1 Nd7 16. Ng3 f5 17. e4 f4 18. Nf5+ Kf6 19. Nxh6 gxh6 20. f3 Bc5+ 21. Kf1 Bd4 22. Rab1 Nc5 23. Rd2 Rd7 24. Nd5+ cxd5 25. Rxd4 dxc4 26. Rxd7 Nxd7 27. bxc4 Rc8 28. Ke2 Rxc4 29. Kd2 Rb4 30. g3 Ba2 31. Rd1 Rxb2 32. Kc3 Rxc2+ 33. Kxc2 Be6 34. Rb1 b6 35. gxf4 exf4 36. Rb5 Kg6 37. h4 Kf6 38. Kb2 Nc5 39. Ka3 Nxa4 40. Rb1 Bd7 41. Rd1 Nc5 42. Rd6+ Be6 43. Rxb6 Nd3 44. Rb1 Ne5 45. Rf1 Bd7 46. Kb3 Be8 47. Kc3 Bh5 48. Kd4 a4 49. Ra1 Be8 50. Kd5 Bb5 51. Kd6 Be8 52. Kd5 Bf7+ 53. Kd6 a3 54. Kc5 a2 55. Kd4 Nxf3+ 56. Kc5 Nd2 57. Kb4 Ke5 58. Ka3 f3 0-1

[Event "EU-ch 8th"]
[Site "Dresden"]
[Date "2007.04.13"]
[Round "10"]
[White "Azmaiparashvili, Zurab"]
[Black "Dziuba, Marcin"]
[Result "1/2-1/2"]
[WhiteElo "2632"]
[BlackElo "2525"]
[PlyCount "96"]
[EventDate "2007.04.03"]
[EventType "swiss"]
[EventRounds "11"]
[EventCountry "GER"]
[SourceTitle "CBM 118"]
[Source "ChessBase"]
[SourceDate "2007.05.31"]
[SourceVersion "1"]
[SourceVersionDate "2007.05.31"]
[SourceQuality "1"]

1. d4 d5 2. c4 c6 3. Nf3 Nf6 4. e3 Bg4 5. h3 Bxf3 6. Qxf3 e6 7. Bd3 Nbd7 8. 0-0 Bd6 9. Nc3 0-0 10. e4 dxc4 11. Bxc4 e5 12. Be3 Qe7 13. Bb3 exd4 14. Bxd4 Bc5 15. Rad1 Bxd4 16. Rxd4 Nc5 17. Bc2 Rad8 18. Rfd1 Ne6 19. Rxd8 Rxd8 20. e5 Rxd1+ 21. Qxd1 Nd7 22. Qd3 g6 23. Qe3 Qc5 24. Qxc5 Ndxc5 25. Ne2 Nc7 26. b4 N5e6 27. a3 c5 28. bxc5 Nxc5 29. Nd4 N7e6 30. Nxe6 Nxe6 31. g3 Nd4 32. Be4 Nb5 33. a4 Nc3 34. Bc2 a5 35. f4 f6 36. Kf2 fxe5 37. fxe5 b5 38. axb5 Nxb5 39. Ke3 Kf7 40. Ba4 Nc7 41. h4 Ne6 42. Bb3 Ke7 43. Bc2 Ng7 44. g4 Ne6 45. g5 Ng7 46. Kd4 Ne6+ 47. Ke3 Nc5 48. Kd4 Ne6+ 1/2-1/2

[Event "Azmaiparashvili-Shaposhnikov m"]
[Site "Playchess.com INT"]
[Date "2007.03.24"]
[Round "?"]
[White "Shaposhnikov, Evgeny"]
[Black "Azmaiparashvili, Zurab"]
[Result "1-0"]
[WhiteElo "2554"]
[BlackElo "2632"]
[PlyCount "35"]
[EventDate "2007.02.05"]
[EventType "match (blitz)"]
[EventRounds "6"]
[EventCountry "GER"]
[SourceTitle "EXT 2008"]
[Source "ChessBase"]
[SourceDate "2007.11.25"]
[SourceVersion "1"]
[SourceVersionDate "2007.11.25"]
[SourceQuality "1"]

1. e4 d6 2. d4 g6 3. Nc3 Bg7 4. f4 a6 5. Nf3 Nd7 6. e5 c5 7. dxc5 dxe5 8. fxe5 Nxe5 9. Qxd8+ Kxd8 10. Bf4 Nxf3+ 11. gxf3 Bxc3+ 12. bxc3 Bd7 13. 0-0-0 Ke8 14. Bc4 Bc6 15. Rhe1 Rd8 16. Bxf7+ Kxf7 17. Rxd8 Bxf3 18. Rf1 1-0

[Event "Azmaiparashvili-Belov m"]
[Site "Playchess.com INT"]
[Date "2007.02.05"]
[Round "?"]
[White "Azmaiparashvili, Zurab"]
[Black "Belov, Vladimir"]
[Result "0-1"]
[WhiteElo "2632"]
[BlackElo "2600"]
[PlyCount "104"]
[EventDate "2007.02.05"]
[EventType "match (blitz)"]
[EventRounds "8"]
[EventCountry "GER"]
[SourceTitle "EXT 2008"]
[Source "ChessBase"]
[SourceDate "2007.11.25"]
[SourceVersion "1"]
[SourceVersionDate "2007.11.25"]
[SourceQuality "1"]

1. d4 Nf6 2. c4 e6 3. Nf3 c5 4. d5 exd5 5. cxd5 d6 6. Nc3 g6 7. Qa4+ Nbd7 8. Bf4 a6 9. e4 Nh5 10. Bg5 Be7 11. Bh6 Bf8 12. Bxf8 Kxf8 13. g3 Qf6 14. Bg2 b5 15. Qc2 b4 16. Nd1 Ne5 17. Nxe5 Qxe5 18. Ne3 a5 19. Nc4 Qe7 20. 0-0 Ba6 21. Rfe1 Bxc4 22. Qxc4 Qe5 23. Re2 g5 24. a3 Kg7 25. Rf1 Rhg8 26. Bh3 Kh8 27. Bg4 Nf4 28. gxf4 gxf4 29. f3 h5 30. h3 Rg7 31. Rg2 hxg4 32. hxg4 Rh7 33. Rff2 bxa3 34. bxa3 Rb8 35. Rh2 Rb1+ 36. Rf1 Rxf1+ 37. Qxf1 Qd4+ 38. Kh1 Rxh2+ 39. Kxh2 c4 40. g5 Kg8 41. Kh3 c3 42. Qa6 Qg1 43. Qc8+ Kg7 44. Qxc3+ Kh7 45. g6+ fxg6 46. Qe1 Qxe1 47. Kh2 Qg3+ 48. Kh1 Kh6 49. a4 Kh5 50. e5 Kh4 51. e6 Kh3 52. e7 Qg2# 0-1

[Event "Azmaiparashvili-Belov m"]
[Site "Playchess.com INT"]
[Date "2007.02.05"]
[Round "?"]
[White "Belov, Vladimir"]
[Black "Azmaiparashvili, Zurab"]
[Result "0-1"]
[WhiteElo "2600"]
[BlackElo "2632"]
[PlyCount "102"]
[EventDate "2007.02.05"]
[EventType "match (blitz)"]
[EventRounds "8"]
[EventCountry "GER"]
[SourceTitle "EXT 2008"]
[Source "ChessBase"]
[SourceDate "2007.11.25"]
[SourceVersion "1"]
[SourceVersionDate "2007.11.25"]
[SourceQuality "1"]

1. e4 d6 2. d4 g6 3. Nc3 Bg7 4. Be3 a6 5. a4 Nc6 6. d5 Ne5 7. h3 Nf6 8. Be2 0-0 9. Nf3 Nxf3+ 10. Bxf3 c6 11. dxc6 bxc6 12. e5 dxe5 13. Bxc6 Rb8 14. Qxd8 Rxd8 15. b3 Bb7 16. Bxb7 Rxb7 17. Rd1 Rc8 18. Nb1 Rxc2 19. Rd8+ Bf8 20. Bh6 Nd7 21. 0-0 Rb8 22. Rxd7 Bxh6 23. Na3 Rc5 24. Rb1 Bc1 25. Ra1 Rxb3 26. Nb1 Rc2 27. Rd1 Bb2 28. Ra2 Rc1 29. Rxc1 Bxc1 30. Nd2 Bxd2 31. Rxd2 Rb4 32. Ra2 f5 33. Kf1 e4 34. Ke2 Kf7 35. Kd2 a5 36. Kc3 Kf6 37. h4 h6 38. g3 g5 39. hxg5+ hxg5 40. Ra1 Ke5 41. Ra2 f4 42. gxf4+ gxf4 43. Ra1 f3 44. Ra2 Kf4 45. Ra1 e5 46. Rh1 Rxa4 47. Rh4+ Kf5 48. Rh5+ Kf4 49. Rh8 Ra2 50. Rf8+ Kg4 51. Kc4 Rd2 0-1

[Event "Azmaiparashvili-Belov m"]
[Site "Playchess.com INT"]
[Date "2007.02.05"]
[Round "?"]
[White "Belov, Vladimir"]
[Black "Azmaiparashvili, Zurab"]
[Result "1/2-1/2"]
[WhiteElo "2600"]
[BlackElo "2632"]
[PlyCount "164"]
[EventDate "2007.02.05"]
[EventType "match (blitz)"]
[EventRounds "8"]
[EventCountry "GER"]
[SourceTitle "EXT 2008"]
[Source "ChessBase"]
[SourceDate "2007.11.25"]
[SourceVersion "1"]
[SourceVersionDate "2007.11.25"]
[SourceQuality "1"]

1. e4 d6 2. f4 g6 3. Nf3 Bg7 4. d3 Bg4 5. Be2 c5 6. 0-0 Nc6 7. Nc3 e6 8. Kh1 Nge7 9. Ng5 Bxe2 10. Nxe2 0-0 11. c3 d5 12. Qe1 h6 13. Nf3 c4 14. exd5 cxd3 15. dxc6 dxe2 16. Qxe2 Nxc6 17. Be3 Qd5 18. Rfd1 Qe4 19. Qd3 Qxd3 20. Rxd3 Rfd8 21. Rad1 Rxd3 22. Rxd3 Kf8 23. Rd7 Rb8 24. Kg1 Ke8 25. Rc7 Bf8 26. Ne5 Bd6 27. Nxc6 Bxc7 28. Nxb8 Bxb8 29. Kf2 a6 30. c4 h5 31. h3 Kd7 32. g4 Bd6 33. Kf3 Kc6 34. Ke4 f5+ 35. gxf5 gxf5+ 36. Kd3 Bf8 37. b3 Bh6 38. Bd2 Kd7 39. Kd4 Ke7 40. Be3 Bf8 41. Kc5 Kd7+ 42. Kb6 Kc8 43. c5 Be7 44. c6 Bd8+ 45. Ka7 bxc6 46. Kxa6 Bc7 47. a4 e5 48. fxe5 Bxe5 49. Kb6 f4 50. Bf2 Bc3 51. a5 Bd2 52. a6 Kb8 53. Kxc6 Be3 54. Be1 f3 55. Kd5 f2 56. Bxf2 Bxf2 57. Ke4 Ka7 58. Kf5 h4 59. Kg4 Kxa6 60. Kf3 Bg3 61. Kg2 Kb5 62. Kh1 Bd6 63. Kg2 Bb4 64. Kh1 Kc5 65. Kg2 Kd4 66. Kh1 Ke4 67. Kg2 Kf4 68. Kh1 Kg3 69. Kg1 Kxh3 70. Kh1 Kg3 71. Kg1 Kf3 72. Kh1 Kg4 73. Kh2 h3 74. Kh1 Kg3 75. Kg1 Bc5+ 76. Kh1 Bb6 77. b4 Kf2 78. b5 Kf3 79. Kh2 Kg4 80. Kh1 Bc7 81. Kg1 Bb6+ 82. Kh1 Kg3 1/2-1/2

[Event "Liepajas Rokade"]
[Site "Liepaja"]
[Date "2006.08.06"]
[Round "12"]
[White "Azmaiparashvili, Zurab"]
[Black "Kanep, Meelis"]
[Result "0-1"]
[WhiteElo "2669"]
[BlackElo "2510"]
[PlyCount "92"]
[EventDate "2006.08.04"]
[EventType "tourn (rapid)"]
[EventRounds "13"]
[EventCountry "LAT"]
[EventCategory "12"]
[SourceTitle "CBM 113 Extra"]
[Source "ChessBase"]
[SourceDate "2006.09.14"]
[SourceVersion "1"]
[SourceVersionDate "2006.09.14"]
[SourceQuality "1"]

1. d4 d5 2. c4 e5 3. Nc3 dxc4 4. d5 Nf6 5. e4 b5 6. Bg5 Bc5 7. Qc2 c6 8. Nf3 0-0 9. 0-0-0 Bg4 10. dxc6 Qa5 11. a4 Nxc6 12. Bxf6 gxf6 13. axb5 Nd4 14. Qa4 Qxa4 15. Nxa4 Rac8 16. Kb1 Bxf3 17. gxf3 Bb4 18. f4 Nxb5 19. fxe5 fxe5 20. Rd5 Nd4 21. Rxe5 c3 22. bxc3 Bxc3 23. Rg1+ Kh8 24. Rc5 Rxc5 25. Nxc5 Rb8+ 26. Kc1 Rc8 27. Nd7 a5 28. Rg5 Bd2+ 29. Kxd2 Nf3+ 30. Ke3 Nxg5 31. Bd3 Ne6 32. f4 Nc5 33. Nxc5 Rxc5 34. Kd4 Rc7 35. Bb5 Rc2 36. h4 Rh2 37. f5 Rxh4 38. Kd5 f6 39. Bc6 Kg7 40. Ke6 Rh3 41. Kd6 h5 42. e5 Rd3+ 43. Bd5 Rxd5+ 44. Kxd5 fxe5 45. Kxe5 a4 46. Ke6 Kf8 0-1

[Event "Liepajas Rokade"]
[Site "Liepaja"]
[Date "2006.08.05"]
[Round "8"]
[White "Antoms, Guntars"]
[Black "Azmaiparashvili, Zurab"]
[Result "0-1"]
[WhiteElo "2414"]
[BlackElo "2669"]
[PlyCount "97"]
[EventDate "2006.08.04"]
[EventType "tourn (rapid)"]
[EventRounds "13"]
[EventCountry "LAT"]
[EventCategory "12"]
[SourceTitle "CBM 113 Extra"]
[Source "ChessBase"]
[SourceDate "2006.09.14"]
[SourceVersion "1"]
[SourceVersionDate "2006.09.14"]
[SourceQuality "1"]

1. d4 Nf6 2. c4 c5 3. d5 b5 4. cxb5 a6 5. bxa6 Bxa6 6. Nc3 d6 7. g3 g6 8. Nf3 Bg7 9. Bg2 0-0 10. Bd2 Qb6 11. Rb1 Nbd7 12. b3 Bb7 13. Nh4 e6 14. dxe6 fxe6 15. 0-0 d5 16. Qc2 e5 17. Rfc1 Rac8 18. e4 Ng4 19. Be1 d4 20. Na4 Qf6 21. Qe2 h5 22. Nb2 Ba6 23. Nc4 Nb6 24. Bh3 Bh6 25. Rc2 Rb8 26. Rd1 Nxc4 27. bxc4 Bc8 28. Bg2 Ne3 29. fxe3 Bxe3+ 30. Bf2 Bg4 31. Bf3 Bxf3 32. Nxf3 Qxf3 33. Bxe3 Qxe3+ 34. Qxe3 dxe3 35. Kg2 Kg7 36. Rd3 Rf2+ 37. Rxf2 exf2 38. Rd2 Rb1 39. Kxf2 Rc1 40. a4 Ra1 41. Rd5 Rxa4 42. Rxc5 Kf6 43. Rc6+ Kg5 44. h4+ Kg4 45. Rxg6+ Kh3 46. Rg5 Rxc4 47. Rxe5 Rc2+ 48. Kf3 Rc3+ 49. Kf4 0-1

[Event "Liepajas Rokade"]
[Site "Liepaja"]
[Date "2006.08.05"]
[Round "3"]
[White "Azmaiparashvili, Zurab"]
[Black "Berzinsh, Roland"]
[Result "1/2-1/2"]
[WhiteElo "2669"]
[BlackElo "2445"]
[PlyCount "124"]
[EventDate "2006.08.04"]
[EventType "tourn (rapid)"]
[EventRounds "13"]
[EventCountry "LAT"]
[EventCategory "12"]
[SourceTitle "CBM 113 Extra"]
[Source "ChessBase"]
[SourceDate "2006.09.14"]
[SourceVersion "1"]
[SourceVersionDate "2006.09.14"]
[SourceQuality "1"]

1. d4 Nf6 2. c4 e6 3. Nf3 b6 4. Nc3 Bb7 5. a3 d5 6. cxd5 exd5 7. Bf4 Bd6 8. Bg3 0-0 9. e3 Ne4 10. Rc1 Nd7 11. Bxd6 cxd6 12. Bd3 Ndf6 13. 0-0 Qe7 14. Nb5 Rfc8 15. Rxc8+ Bxc8 16. Nd2 Bf5 17. Qe2 a6 18. Nc3 Nxc3 19. bxc3 Bxd3 20. Qxd3 b5 21. Ra1 Rc8 22. a4 Ne4 23. axb5 Nxd2 24. Qxd2 axb5 25. Rb1 Qd7 26. Qb2 Rb8 27. h3 g6 28. Qb4 Qc6 29. Ra1 Kg7 30. Ra7 h5 31. h4 Rb6 32. g3 Ra6 33. Rxa6 Qxa6 34. Kg2 Kf6 35. Qb3 Qc6 36. Qa3 Ke6 37. Qa5 Ke7 38. Kf3 Ke6 39. Qd8 Qxc3 40. Qe8+ Kf6 41. Qxb5 Qc1 42. Qd7 Qh1+ 43. Ke2 Qe4 44. Qxd6+ Kf5 45. Qc7 Kg4 46. Qxf7 Qc2+ 47. Kf1 Kh3 48. Qf3 Qc1+ 49. Ke2 Qc2+ 50. Ke1 Qc3+ 51. Kd1 Qb3+ 52. Kd2 Qb2+ 53. Ke1 Qc3+ 54. Kf1 Qc1+ 55. Ke2 Qc2+ 56. Ke1 Qc3+ 57. Kd1 Qd3+ 58. Kc1 Qc3+ 59. Kd1 Qd3+ 60. Ke1 Qc3+ 61. Ke2 Qc2+ 62. Kf1 Qc1+ 1/2-1/2